Most Unusual Flags in the World - Statistics

General Stats
  • This quiz has been taken 83 times
  • The average score is 6 of 13
Answer Stats
Picture Answer % Correct
Swaziland
92%
Guam
84%
Kyrgyzstan
84%
Nazi
81%
Sicily
66%
Bermuda
60%
Virgin Islands
53%
Northern Mariana Islands
39%
Frisia
38%
Jolly Roger
21%
Antwerp
12%
North Caucasia
8%
West Africa
3%
No matching quizzes found
Score Distribution
Percent of People with Each Score
Percentile by Number Answered
Your Score History
You have not taken this quiz